| 000 | 00339nam a2200109Ia 4500 | ||
|---|---|---|---|
| 008 | 171204s9999 xx 000 0 und d | ||
| 245 | _aScholastic Journalism: | ||
| 245 | _cC. Dow Tate and Sherri A. Taylor | ||
| 260 | _c2013 | ||
| 650 | _xADVANCED JOURNALISTIC WRITING & PUBLICATION | ||
| 856 | _uhttp://down.ebook777.com/061/0470659335.pdf | ||
| 999 |
_c346023 _d346023 |
||